000 01284cam a2200373Ia 4500
001 30560445
003 OCoLC
005 20240311200149.0
008 940606s1992 sp 000 1 spa d
020 _a8421741012
020 _a9788421741016
040 _aJRI
_beng
_cJRI
_dEXW
_dOCLCQ
_dOCLCG
_dSTF
_dVYG
_dOCLCQ
_dWRIMS
_dOCLCQ
_dOCLCA
041 1 _aspa
_heng
050 4 _aPS3537.T3234
_bP4718 1992
090 _aSPAN FIC STE
100 1 _aSteinbeck, John,
_d1902-1968.
240 1 0 _aPearl.
_lSpanish.
245 1 3 _aLa perla /
_cJohn Steinbeck ; [traduccion de Francisco Baldiz].
250 _a18. edicion.
260 _aBarcelona :
_bL. de Caralt,
_c1992
264 1 _aBarcelona :
_bL. de Caralt,
_c1992.
300 _a126 pages ;
_c18 cm.
336 _atext
_btxt
_2rdacontent.
337 _aunmediated
_bn
_2rdamedia.
338 _avolume
_bnc
_2rdacarrier.
490 0 _aBiblioteca universal Caralt. Serie novela.
500 _aTranslation of: The pearl.
520 _aTerrible events follow the discovery of a magnificent pearl by a poor Mexican fisherman.
526 0 _aAccelerated Reader AR
_bUG
_c7.1
_d4
_z7119.
650 7 _aSpanish language materials
_vFiction.
_2local.
655 7 _aFiction.
_2lcgft.
700 _4Baldiz, Francisco
_etranslator
942 _cBK
_2ddc
999 _c29372
_d29370